The noble scholar, jurist, historian


 His Excellency Dr. Abdul Wahhab bin Ibrahim Abu Sulaiman, may Allah have mercy on him.


 He was born in Umm Al-Qura in the year 1356 AH.

عادات الإمام البخاري في صحيحه / (Record no. 3788)

MARC details
000 -LEADER
fixed length control field 01749cam a22003491i 4500
003 - CONTROL NUMBER IDENTIFIER
control field SA-RiAUC
005 - DATE AND TIME OF LATEST TRANSACTION
control field 20241223074403.0
008 - FIXED-LENGTH DATA ELEMENTS--GENERAL INFORMATION
fixed length control field 241221s2007 le g 000 0 ara c
040 ## - CATALOGING SOURCE
Original cataloging agency SA-RiIMS
Language of cataloging ara
Transcribing agency SA-RiAUC
Description conventions rda
050 #4 - LIBRARY OF CONGRESS CALL NUMBER
Item number .A128 2007
082 04 - DEWEY DECIMAL CLASSIFICATION NUMBER
Classification number 235.1
Assigning agency SA-RiAUC
090 ## - LOCALLY ASSIGNED LC-TYPE CALL NUMBER (OCLC); LOCAL CALL NUMBER (RLIN)
Classification number (OCLC) (R) ; Classification number, CALL (RLIN) (NR) 235.1
Local cutter number (OCLC) ; Book number/undivided call number, CALL (RLIN) ا ب ن هـ
100 1# - MAIN ENTRY--PERSONAL NAME
Personal name ابن الهاشم، عبد الحق بن عبد الواحد بن محمد،
Dates associated with a name 1302 هجري-
Relator term مؤلف.
245 10 - TITLE STATEMENT
Title عادات الإمام البخاري في صحيحه /
Statement of responsibility, etc. عبد الحق عبد الواحد الهاشمي ؛ تقديم عبد الوكيل بن عبد الحق الهاشمي ؛ تحقيق محمد بن ناصر العجمي.
250 ## - EDITION STATEMENT
Edition statement الطبعة الأولى.
264 #1 - PRODUCTION, PUBLICATION, DISTRIBUTION, MANUFACTURE, AND COPYRIGHT NOTICE
Place of production, publication, distribution, manufacture بيروت :
Name of producer, publisher, distributor, manufacturer دار البشائر الإسلامية،
Date of production, publication, distribution, manufacture, or copyright notice 2007
264 #1 - PRODUCTION, PUBLICATION, DISTRIBUTION, MANUFACTURE, AND COPYRIGHT NOTICE
Place of production, publication, distribution, manufacture الكويت :
Name of producer, publisher, distributor, manufacturer مكتب الشؤون الفنية،
Date of production, publication, distribution, manufacture, or copyright notice 2007
300 ## - PHYSICAL DESCRIPTION
Extent 128 صفحة ؛
Dimensions 24 سم
336 ## - CONTENT TYPE
Content type term نص
Content type code txt
Source rdacontent
Materials specified كتاب
337 ## - MEDIA TYPE
Media type term بدون وسيط
Media type code n
Source rdamedia
338 ## - CARRIER TYPE
Carrier type term مجلد
Carrier type code nc
Source rdacarrier
600 17 - SUBJECT ADDED ENTRY--PERSONAL NAME
Personal name البخاري، محمد بن إسماعيل بن إبراهيم،
Dates associated with a name 194-256 هجري
Source of heading or term aucnm
650 #7 - SUBJECT ADDED ENTRY--TOPICAL TERM
Topical term or geographic name entry element الحديث
General subdivision الإسناد الصحيح
Source of heading or term aucsh
650 #7 - SUBJECT ADDED ENTRY--TOPICAL TERM
Topical term or geographic name entry element الحديث
General subdivision الكتب الستة
Source of heading or term aucsh
650 #7 - SUBJECT ADDED ENTRY--TOPICAL TERM
Topical term or geographic name entry element الحديث
General subdivision شرح
Source of heading or term aucsh
700 1# - ADDED ENTRY--PERSONAL NAME
Personal name البخاري، محمد بن إسماعيل بن إبراهيم،
Dates associated with a name 194-256 هجري
Title of a work صحيح البخاري.
700 1# - ADDED ENTRY--PERSONAL NAME
Personal name الهاشمي، عبد الوكيل بن عبد الحق،
Dates associated with a name ولد 1357 هجري
Relator term مقدم.
700 1# - ADDED ENTRY--PERSONAL NAME
Personal name العجمي، محمد بن ناصر
Relator term محقق.
740 02 - ADDED ENTRY--UNCONTROLLED RELATED/ANALYTICAL TITLE
Uncontrolled related/analytical title صحيح البخاري.
942 ## - ADDED ENTRY ELEMENTS (KOHA)
Source of classification or shelving scheme Dewey Decimal Classification
Koha item type Books
Suppress in OPAC No
949 ## - LOCAL PROCESSING INFORMATION (OCLC)
a SA-JeALM
d 241221
u mohamedma123
n 1
Holdings
Withdrawn status Lost status Source of classification or shelving scheme Damaged status Not for loan Home library Current library Date acquired Total checkouts Full call number Barcode Date last seen Price effective from Koha item type
    Dewey Decimal Classification     DR AbdElwahab Library DR AbdElwahab Library 12/23/2024   235.1 ا ب ن هـ 000006122 12/23/2024 12/23/2024 Books
    Dewey Decimal Classification     DR AbdElwahab Library DR AbdElwahab Library 01/26/2025   235.1 ا ب ن هـ 000008432 01/26/2025 01/26/2025 Books
    Dewey Decimal Classification     DR AbdElwahab Library DR AbdElwahab Library 02/03/2025   235.1 ا ب ن هـ 000009054 02/03/2025 02/03/2025 Books